00325nam a2200145Ia 4500008004100000020001500041041001200056082001600068100001400084245002600098250000800124260002500132300000800157650001400165221030s9999 xx 000 0 und d a8120303369 aEnglish a105.23bMar aJ. Martin 0aDatabase Organization a6th bPHIaNew Delhic2000 a713 aComputers